<?xml version="1.0" encoding="UTF-8"?>
<record
    xmlns:xsi="http://www.w3.org/2001/XMLSchema-instance"
    xsi:schemaLocation="http://www.loc.gov/MARC21/slim http://www.loc.gov/standards/marcxml/schema/MARC21slim.xsd"
    xmlns="http://www.loc.gov/MARC21/slim">

  <leader>01158nam1a22003251i 4500</leader>
  <controlfield tag="001">v19\rc\1506306</controlfield>
  <controlfield tag="005">20240726095814.0</controlfield>
  <datafield tag="035" ind1=" " ind2=" ">
    <subfield code="a">(NLR Aleph) 004687746</subfield>
  </datafield>
  <datafield tag="090" ind1=" " ind2=" ">
    <subfield code="a">3893668</subfield>
    <subfield code="c">3893668</subfield>
  </datafield>
  <datafield tag="100" ind1=" " ind2=" ">
    <subfield code="a">20060620g18831884|||y0rusy50      ca</subfield>
  </datafield>
  <datafield tag="101" ind1="0" ind2=" ">
    <subfield code="a">rus</subfield>
  </datafield>
  <datafield tag="102" ind1=" " ind2=" ">
    <subfield code="a">RU</subfield>
  </datafield>
  <datafield tag="105" ind1=" " ind2=" ">
    <subfield code="a">    z   |||||</subfield>
  </datafield>
  <datafield tag="200" ind1="1" ind2=" ">
    <subfield code="a">&#x420;&#x43E;&#x441;&#x441;&#x438;&#x44F; &#x415;&#x432;&#x440;&#x43E;&#x43F;&#x435;&#x439;&#x441;&#x43A;&#x430;&#x44F; &#x438; &#x410;&#x437;&#x438;&#x430;&#x442;&#x441;&#x43A;&#x430;&#x44F;</subfield>
    <subfield code="f">&#x42D;&#x43B;&#x438;&#x437;&#x435; &#x420;&#x435;&#x43A;&#x43B;&#x44E;</subfield>
  </datafield>
  <datafield tag="205" ind1=" " ind2=" ">
    <subfield code="a">&#x421; &#x434;&#x43E;&#x43F;. &#x438; &#x438;&#x441;&#x43F;&#x440;. &#x422;. 1-2</subfield>
  </datafield>
  <datafield tag="210" ind1=" " ind2=" ">
    <subfield code="a">&#x421;&#x430;&#x43D;&#x43A;&#x442;-&#x41F;&#x435;&#x442;&#x435;&#x440;&#x431;&#x443;&#x440;&#x433;</subfield>
    <subfield code="c">&#x438;&#x437;&#x434;. &#x43A;&#x430;&#x440;&#x442;&#x43E;&#x433;&#x440;. &#x437;&#x430;&#x432;&#x435;&#x434;&#x435;&#x43D;&#x438;&#x44F; &#x410;. &#x418;&#x43B;&#x44C;&#x438;&#x43D;&#x430;</subfield>
    <subfield code="d">1883-1884</subfield>
  </datafield>
  <datafield tag="215" ind1=" " ind2=" ">
    <subfield code="a">3 &#x442;.</subfield>
    <subfield code="d">26</subfield>
  </datafield>
  <datafield tag="320" ind1=" " ind2=" ">
    <subfield code="a">&#x411;&#x438;&#x431;&#x43B;&#x438;&#x43E;&#x433;&#x440;. &#x432; &#x43F;&#x440;&#x438;&#x43C;&#x435;&#x447;.</subfield>
  </datafield>
  <datafield tag="700" ind1=" " ind2="1">
    <subfield code="9">z01790</subfield>
    <subfield code="a">&#x420;&#x435;&#x43A;&#x43B;&#x44E;</subfield>
    <subfield code="b">&#x416;.&#x416;.&#x42D;.</subfield>
    <subfield code="f">1830-1905</subfield>
    <subfield code="g">&#x416;&#x430;&#x43D; &#x416;&#x430;&#x43A; &#x42D;&#x43B;&#x438;&#x437;&#x435;</subfield>
  </datafield>
  <datafield tag="790" ind1=" " ind2="1">
    <subfield code="9">z01700</subfield>
    <subfield code="a">&#x420;&#x435;&#x43A;&#x43B;&#x44E;</subfield>
    <subfield code="b">&#x42D;.</subfield>
    <subfield code="f">1830-1905</subfield>
    <subfield code="g">&#x42D;&#x43B;&#x438;&#x437;&#x435;</subfield>
  </datafield>
  <datafield tag="801" ind1=" " ind2="0">
    <subfield code="a">RU</subfield>
    <subfield code="b">NLR</subfield>
    <subfield code="g">psbo</subfield>
  </datafield>
  <datafield tag="801" ind1=" " ind2="0">
    <subfield code="a">RU</subfield>
    <subfield code="b">RuMoRGB</subfield>
    <subfield code="2">psbo</subfield>
  </datafield>
  <datafield tag="801" ind1=" " ind2="1">
    <subfield code="a">RU</subfield>
    <subfield code="b">ProSoft-M</subfield>
    <subfield code="2">rusmarc</subfield>
  </datafield>
  <datafield tag="852" ind1=" " ind2=" ">
    <subfield code="a">NLR</subfield>
    <subfield code="j">&#x428;&#x438;&#x444;&#x440;&#x44B; &#x440;&#x430;&#x437;&#x43D;&#x44B;&#x435;</subfield>
  </datafield>
  <datafield tag="899" ind1=" " ind2=" ">
    <subfield code="a">&#x41D;&#x411; &#x421;&#x41F;&#x431;&#x413;&#x423; (&#x431;&#x435;&#x437; &#x434;&#x43E;&#x43F;.)</subfield>
  </datafield>
  <datafield tag="899" ind1=" " ind2=" ">
    <subfield code="a">&#x413;&#x41F;&#x418;&#x411; (&#x431;&#x435;&#x437; &#x434;&#x43E;&#x43F;.)</subfield>
  </datafield>
  <datafield tag="899" ind1=" " ind2=" ">
    <subfield code="a">&#x41D;&#x411; &#x41C;&#x413;&#x423; (&#x431;&#x435;&#x437; &#x434;&#x43E;&#x43F;.)</subfield>
  </datafield>
  <datafield tag="899" ind1=" " ind2=" ">
    <subfield code="a">RuMoRGB</subfield>
    <subfield code="j">R 291/50</subfield>
  </datafield>
  <datafield tag="899" ind1=" " ind2=" ">
    <subfield code="a">RuMoRGB</subfield>
    <subfield code="j">R 39/224 (&#x434;&#x43E;&#x43F;. &#x43A; &#x442;. 1-2)</subfield>
  </datafield>
  <datafield tag="942" ind1=" " ind2=" ">
    <subfield code="c">BOOK</subfield>
  </datafield>
</record>
